Hra ako prostriedok rozvoja koordinačných schopností rozvoj fyzickej stránky osobnosti
Hra ako fenomén je neodmysliteľnou súčasťou života človeka. Dôležitou úlohou pedagógov je sústrediť pozornosť na pohybovú aktivitu a koordinačné schopnosti detí. Pohybové a športové hry ako základné prostriedky telesnej výchovy. Súčasné obdobie a stimulácia detí a mládeže k pohybovým aktivitám.
Saved in:
| Main Author: | |
|---|---|
| Format: | Book Chapter |
| Language: | Slovak |
| Subjects: | |
| Tags: |
No Tags, Be the first to tag this record!
|
MARC
| LEADER | 00000naa$a2200000$$$4500 | ||
|---|---|---|---|
| 001 | 0107804 | ||
| 005 | 20231127101819.8 | ||
| 041 | 0 | |a slo | |
| 044 | |a SK | ||
| 245 | 1 | 0 | |a Hra ako prostriedok rozvoja koordinačných schopností |b rozvoj fyzickej stránky osobnosti |c Erika Chovanová |
| 520 | |a Hra ako fenomén je neodmysliteľnou súčasťou života človeka. Dôležitou úlohou pedagógov je sústrediť pozornosť na pohybovú aktivitu a koordinačné schopnosti detí. Pohybové a športové hry ako základné prostriedky telesnej výchovy. Súčasné obdobie a stimulácia detí a mládeže k pohybovým aktivitám. | ||
| 610 | 2 | 0 | |a osobnosť |
| 610 | 2 | 0 | |a výchova |
| 610 | 2 | 0 | |a pohyb |
| 610 | 2 | 0 | |a súťaže |
| 610 | 2 | 0 | |a šport |
| 610 | 2 | 0 | |a telovýchova |
| 610 | 2 | 0 | |a mládež |
| 610 | 2 | 0 | |a deti |
| 100 | 1 | |a Chovanová, Erika | |